000
00248nam a2200109Ia 4500
008
190216s9999||||xx |||||||||||||| ||und||
100
_a
Asthana B N
245
0
_a
Elements Of Statitics
260
_b
Kitab Mahal
650
_a
Statistics
942
_c
BK
999
_c
32788
_d
32788